<?xml version="1.0" encoding="UTF-8"?>
<record
    xmlns:xsi="http://www.w3.org/2001/XMLSchema-instance"
    xsi:schemaLocation="http://www.loc.gov/MARC21/slim http://www.loc.gov/standards/marcxml/schema/MARC21slim.xsd"
    xmlns="http://www.loc.gov/MARC21/slim">

  <leader>01327nam a22002777a 4500</leader>
  <controlfield tag="001">000306</controlfield>
  <controlfield tag="003">DO-SdBNP</controlfield>
  <controlfield tag="005">20240528094805.0</controlfield>
  <controlfield tag="007">000306</controlfield>
  <controlfield tag="008">160623b 2006 ag  | 00| 0 spa d</controlfield>
  <datafield tag="020" ind1=" " ind2=" ">
    <subfield code="a">9870403026</subfield>
  </datafield>
  <datafield tag="040" ind1=" " ind2=" ">
    <subfield code="a">BPMSU</subfield>
    <subfield code="b">spa</subfield>
    <subfield code="c">BPMSU</subfield>
  </datafield>
  <datafield tag="082" ind1=" " ind2="4">
    <subfield code="a">A863.08</subfield>
    <subfield code="b">T564m 2011</subfield>
    <subfield code="2">22</subfield>
  </datafield>
  <datafield tag="245" ind1="0" ind2="0">
    <subfield code="a">Tierra marcada : </subfield>
    <subfield code="b">antolog&#xED;&#x301;a de cuentos latinoamericanos del siglo XX /</subfield>
    <subfield code="c">pr&#xF3;logo de Liliana Heker ; estudio de Pablo Ansolabehere.</subfield>
  </datafield>
  <datafield tag="260" ind1=" " ind2=" ">
    <subfield code="a">Buenos Aires :</subfield>
    <subfield code="b">Alfaguara, </subfield>
    <subfield code="c">2006.</subfield>
  </datafield>
  <datafield tag="300" ind1=" " ind2=" ">
    <subfield code="a">183 p. ;</subfield>
    <subfield code="c">19 cm.</subfield>
  </datafield>
  <datafield tag="490" ind1="0" ind2=" ">
    <subfield code="a">Roja (Alfaguara)</subfield>
  </datafield>
  <datafield tag="505" ind1="0" ind2=" ">
    <subfield code="t">Un rato de tenmealla /</subfield>
    <subfield code="r">Cabrera Infante, Guillermo</subfield>
    <subfield code="t">Reuni&#xF3;n /</subfield>
    <subfield code="r">Cortazar, Julio</subfield>
    <subfield code="t">El g&#xFC;ero / </subfield>
    <subfield code="r">Donoso, Jos&#xE9;</subfield>
    <subfield code="t">La prodigiosa tarde de Baltazar / </subfield>
    <subfield code="r">Garc&#xED;a M&#xE1;rquez, Gabriel </subfield>
    <subfield code="t">La culpa es de los tlaxcaltecas / </subfield>
    <subfield code="r">Garro, Elena </subfield>
    <subfield code="r">Cort&#xE1;zar, Julio </subfield>
    <subfield code="t">Viaje a Petr&#xF3;polis / </subfield>
    <subfield code="r">Lispector, Clarice </subfield>
    <subfield code="t">La tela de ara&#xF1;a / </subfield>
    <subfield code="r"> Ribeyro, Julio Ram&#xF3;n</subfield>
    <subfield code="t">Hogar /</subfield>
    <subfield code="r">Roa Bastos, Augusto </subfield>
    <subfield code="t">La cuesta de las comadres / </subfield>
    <subfield code="r">Rulfo, Juan </subfield>
    <subfield code="t">Estudi&#xF3; de Tierra marcada / </subfield>
    <subfield code="r">Ansolabehere,  Pablo.</subfield>
  </datafield>
  <datafield tag="590" ind1=" " ind2=" ">
    <subfield code="a">Inventariado, 2024/VM</subfield>
  </datafield>
  <datafield tag="650" ind1=" " ind2="4">
    <subfield code="a">Cuentos latinoamericanos </subfield>
  </datafield>
  <datafield tag="650" ind1=" " ind2="4">
    <subfield code="a">Narrativa juvenil latinoamericana</subfield>
  </datafield>
  <datafield tag="700" ind1="1" ind2=" ">
    <subfield code="a">Ansolabehere, Pablo</subfield>
    <subfield code="e">traductor </subfield>
  </datafield>
  <datafield tag="700" ind1="1" ind2="2">
    <subfield code="a">Liliana, Heker,</subfield>
    <subfield code="e">pr&#xF3;l.</subfield>
  </datafield>
  <datafield tag="910" ind1=" " ind2=" ">
    <subfield code="a">VMateo V. Cotrol de calidad. BPMSU</subfield>
  </datafield>
  <datafield tag="942" ind1=" " ind2=" ">
    <subfield code="2">ddc</subfield>
    <subfield code="c">BK</subfield>
  </datafield>
  <datafield tag="952" ind1=" " ind2=" ">
    <subfield code="0">0</subfield>
    <subfield code="1">0</subfield>
    <subfield code="2">ddc</subfield>
    <subfield code="4">0</subfield>
    <subfield code="7">0</subfield>
    <subfield code="8">CJ-G</subfield>
    <subfield code="a">BPMET</subfield>
    <subfield code="b">BPMET</subfield>
    <subfield code="d">2016-06-23</subfield>
    <subfield code="e">ALFAGUARA</subfield>
    <subfield code="l">0</subfield>
    <subfield code="o">BPMSU CJG A863.08 T564m 2011</subfield>
    <subfield code="p">BPMSU16060429</subfield>
    <subfield code="r">2016-06-23</subfield>
    <subfield code="w">2016-06-23</subfield>
    <subfield code="y">BK</subfield>
  </datafield>
  <datafield tag="952" ind1=" " ind2=" ">
    <subfield code="0">0</subfield>
    <subfield code="1">0</subfield>
    <subfield code="2">ddc</subfield>
    <subfield code="4">0</subfield>
    <subfield code="7">0</subfield>
    <subfield code="8">CJ-G</subfield>
    <subfield code="a">BPMET</subfield>
    <subfield code="b">BPMET</subfield>
    <subfield code="d">2016-06-23</subfield>
    <subfield code="e">ALFAGUARA</subfield>
    <subfield code="l">0</subfield>
    <subfield code="o">BPMSU CJG A863.08 T564m 2011</subfield>
    <subfield code="p">BPMSU16060430</subfield>
    <subfield code="r">2016-06-23</subfield>
    <subfield code="t">e.2</subfield>
    <subfield code="w">2016-06-23</subfield>
    <subfield code="y">BK</subfield>
  </datafield>
  <datafield tag="952" ind1=" " ind2=" ">
    <subfield code="0">0</subfield>
    <subfield code="1">0</subfield>
    <subfield code="2">ddc</subfield>
    <subfield code="4">0</subfield>
    <subfield code="7">0</subfield>
    <subfield code="8">CJ-G</subfield>
    <subfield code="a">BPMET</subfield>
    <subfield code="b">BPMET</subfield>
    <subfield code="d">2017-02-23</subfield>
    <subfield code="e">ALFAGUARA</subfield>
    <subfield code="l">0</subfield>
    <subfield code="o">BPMSU CJG A863.08 T564m 2011</subfield>
    <subfield code="p">BPMSU17020048</subfield>
    <subfield code="r">2017-02-23</subfield>
    <subfield code="t">e.3</subfield>
    <subfield code="w">2017-02-23</subfield>
    <subfield code="y">BK</subfield>
  </datafield>
  <datafield tag="999" ind1=" " ind2=" ">
    <subfield code="c">10538</subfield>
    <subfield code="d">10538</subfield>
  </datafield>
</record>
